Villes du Monde sur une carte par lettre - M #1 - Statistiques

Statistiques générales
  • Ce quiz a été pris 34 481 fois
  • Le résultat moyen est 15 sur 32
Réponses sur la Carte
Les réponses sont colorées sur une échelle allant du rouge au vert en fonction du pourcentage des utilisateurs qui les ont devinées à leur premier essai. Vous pouvez retrouver ces pourcentages ci-dessous.
 
Statistiques - réponses
Villes % Correct
Madrid
95%
Marseille
91%
Mexico
90%
Moscou
89%
Manchester
84%
Milan
81%
Miami
76%
Marrakech
74%
Munich
71%
Manille
66%
Montréal
65%
Montevideo
62%
Melbourne
61%
Málaga
54%
Medellín
39%
Mogadiscio
33%
Mascate
32%
Managua
29%
Manama
29%
Maputo
29%
Minneapolis
29%
Macao
28%
Manaus
25%
Médine
25%
Monrovia
25%
Monterrey
20%
Maastricht
19%
Mourmansk
15%
Mossoul
14%
Mombasa
11%
Mandalay
6%
Medan
6%
Aucun quiz correspondant
Distribution des résultats
% des personnes avec chaque résultat
Percentile par nombre de réponses
Votre historique - résultats
Vous n’avez pas pris ce quiz